000 00710nam a2200241 i 4500
001 101561
003 ES-MaACL
005 20251004063138.0
007 t|
008 051020s1972 sp abf |||| | spa d
080 _a799.211.2(55)(079.3)
100 1 _aMedem, Ricardo,
_d1932-
_9151315
245 1 0 _aPersia, safari en las cumbres /
_cRicardo Medem Sanjuan.
250 _a1ª ed.
260 _aMadrid :
_bPrensa Española,
_c1972.
300 _a110 p., map. pleg. I-VIII :
_bil. ;
_c25 cm.
490 1 _aCaza y naturaleza
650 4 _aCaza-
_zAsia.
_910860
650 4 _aSafari.
_9151316
830 0 _aCaza y naturaleza
_9232485
852 _aES-MaACL
_jC-45007
999 _c101561
_d101561